| 000 | 01188nam a22003377a 4500 | ||
|---|---|---|---|
| 003 | CHAP | ||
| 005 | 20220329140303.0 | ||
| 008 | 971013s1987 r 00010 d | ||
| 010 | _a49785 | ||
| 011 | _a50757 | ||
| 035 | _a54907 | ||
| 040 | _cCHAP | ||
| 090 | _aTesis | ||
| 100 | 0 | 0 |
_aRocha Arroyo, José Luis. _998172 |
| 245 | _aCrecimiento y desarrollo de dos variedades de maíz (Zea mays L.) sometidas a sequías en diferentes etapas fenológicas | ||
| 260 |
_aChapingo, Méx. : _bEl autor, _c1987 |
||
| 300 |
_a147 h _b; gráfs. |
||
| 502 | _aTesis (M. C. Esp. en Genética) -- Colegio de Postragaraduados. Centro de Genética | ||
| 590 |
_aALEPH _b10 _c20130110 _lUCH01 _h1322 |
||
| 590 |
_aBATCH-UPD _b10 _c20130110 _lUCH01 _h0545 |
||
| 590 |
_aBATCH-UPD _b10 _c20130410 _lUCH01 _h0226 |
||
| 590 |
_aBATCH-UPD _b10 _c20130914 _lUCH01 _h1752 |
||
| 590 |
_aCONVERSION _b10 _c20130109 _lUCH01 _h1327 |
||
| 650 | 1 | 4 |
_aMaíz _xCrecimiento. _970923 |
| 650 | 1 | 4 |
_aMaíz _xResistencia a sequía. _971053 |
| 650 | 1 | 4 |
_aMaíz _xVariedades. _971081 |
| 901 | _aBK | ||
| 942 | _cFOLL | ||
| 949 |
_bBC _cTES _d-120844 _eTS1 _h19336 _i54907 _si |
||
| 949 |
_bBC _cTES _d-120845 _eTS2 _fc.2 _h19337 _i54907 _si |
||
| 999 |
_c49785 _d49785 |
||